000 00309nam a2200097Ia 4500
082 _a344.68|LABO
245 0 _aLabour law into the future : essays in honour of D'Arcy du Toit
100 _a Du Toit, D. Claremont [South Africa], 2012
_963245
942 _cBK
008 210817s9999 xx 000 0 und d
999 _c200335
_d200334